000 00318nam a2200145Ia 4500
008 090122s9999 xx 000 0 und d
082 _b4322
_aU : 8 (E)
100 _aSunder
_bRajan
_cK
245 _aJUNNAGADH
600 _aSunder
630 _aJUNNAGADH
700 _aSunder
730 _aJUNNAGADH
942 _cBOOK
999 _c28400
_d28400